Pravda - patológia a klinický obraz syndrómu

Bibliographic Details
Main Author: Rákay, Anton, 1925-2013 (Author)
Format: Article
Language:Slovak
PhysicalDescription:Fotogr.
ISSN:0862-5999
Subjects:

MARC

LEADER 00000nab a2200000 a 4500
001 vtls000798055
003 SK-MaSNL
005 20260304104709.0
008 250429c2002 xo 0 slo
015 |a SNBRB2002/06-20360 
035 |a CLN000149710 
035 |a urn:nbn:sk:snk-abagic 
035 |a (urnnbn)urn:nbn:sk:snk:ar-008pm8 
035 |a (uuid)46d55365-8f0b-40e9-9f3a-2fefedf654de 
040 |a SNKBUCL  |b slo  |c SNKBUCL  |e AACR2 
041 0 |a slo 
044 |a xo  |c SK 
080 |a 111.83  |2 1997 
080 |a 179.8  |2 1997 
100 1 |a Rákay, Anton,  |d 1925-2013  |4 aut  |9 158322 
245 1 0 |a Pravda - patológia a klinický obraz syndrómu  |c Anton Rákay 
300 |b Fotogr. 
650 0 7 |a pravda  |2 snkbucl  |9 14244 
650 0 7 |a klamstvo  |2 snkbucl  |9 71473 
655 7 |a články z novín a časopisov  |2 snkbucl  |9 267496 
773 0 |t Literárny týždenník  |g Roč. 15, č. 12 (2002), s. 9  |x 0862-5999 
850 |a Slovenská národná knižnica 
852 |a Slovenská národná knižnica 
954 |a odborná, vedecká literatúra pôvodná (slovenská)  |2 lita 
958 |a article14 
958 |a OND 
958 |a EUIPO 
992 |a RBX 
999 |c 2852533  |d 2854463